Карманный словарь чешско-русский

Bibliografiset tiedot
Muut tekijät: Веверка В. В. Вильгельм В. (составитель)
Kieli:venäjä
tsekki
Julkaistu: Прага, Издатель: Юлий Альберт, 1941
Aiheet:
Aineistotyyppi: Kirja
KOHA link:https://koha.lib.tpu.ru/cgi-bin/koha/opac-detail.pl?biblionumber=56645

MARC

LEADER 00000nam0a2200000 4500
001 56645
005 20231031053640.0
035 |a (RuTPU)RU\TPU\book\59500 
090 |a 56645 
100 |a 20031003d1941 m y0rusy50 ca 
101 0 |a rus  |a cze 
102 |a cs 
105 |a y e 000zy 
200 1 |a Карманный словарь чешско-русский  |f сост. Веверка В. В. 
210 |a Прага  |c Издатель: Юлий Альберт  |d 1941 
215 |a 331 с. 
610 1 |a чешский язык 
610 1 |a русский язык 
686 |a Ш141.5  |v LBC/SL-A  |2 rubbk 
686 |a Ч611.68  |v LBC/SL-A  |2 rubbk 
702 1 |a Веверка  |b В. В.  |g Вильгельм В.  |4 220 
801 1 |a RU  |b 63413507  |c 20031003  |g PSBO 
801 2 |a RU  |b 63413507  |c 20060605  |g PSBO 
942 |c BK